000 00306nam a2200133 i 4500
001 bg
100 1 _aKOŁOMEJCZYK, Norbert
245 0 _aPaweł Finder /
_cNorbert Kołomejczyk.
260 _aWarszawa,
_c1977.
040 _cBPK
041 _apol
942 _cKS
008 s pl f |000 0 pol
999 _c9470
_d9470
856 _uhttp://koha.tu.koszalin.pl/cgi-bin/koha/opac-detail.pl?biblionumber=9470
_yKatalog online BPK